On the Wings of the Swan / (Record no. 215634)

MARC details
000 -LEADER
fixed length control field 00708nam a22002177a 4500
005 - DATE AND TIME OF LATEST TRANSACTION
control field 20260318153704.0
010 ## - LCCN (DPL NO)
LC control number ENG-147937
020 ## - INTERNATIONAL STANDARD BOOK NUMBER
International Standard Book Number 9789384753245
Terms of availability 250.00
035 ## - SYSTEM CONTROL NUMBER
System control number EN-131469
082 ## - DEWEY DECIMAL CLASSIFICATION NUMBER
Classification number 181.43
Item number 1
100 ## - MAIN ENTRY--PERSONAL NAME
Personal name Saraswati Niranjanananda Swami
245 ## - TITLE STATEMENT
Title On the Wings of the Swan /
Statement of responsibility, etc Swami Niranjanananda Saraswati
Medium English
250 ## - EDITION STATEMENT
Edition statement 1
260 ## - PUBLICATION, DISTRIBUTION, ETC. (IMPRINT)
Place of publication, distribution, etc BIhar
Date of publication, distribution, etc 1
Name of publisher, distributor, etc Yoga Publication Trust, Ganga Darshan
270 ## - ADDRESS
Address Yoga Publication Trust, Ganga Darshan
City Bihar
300 ## - PHYSICAL DESCRIPTION
Extent 136pbk.:
Other physical details col.ill.
Dimensions 22cm.(pbk)
700 ## - ADDED ENTRY--PERSONAL NAME
Personal name Saraswati Niranjananananda Swami
9 (RLIN) 88567
942 ## - ADDED ENTRY ELEMENTS (KOHA)
Source of classification or shelving scheme Dewey Decimal Classification
Item type English Books
Classification part 181.43
Call number suffix SAR
Edition 2015
Holdings
Withdrawn status Lost status Not for loan Collection code Home library Current library Date acquired Source of acquisition Cost, normal purchase price Full call number Barcode Copy number Cost, replacement price Koha item type
      Non-fiction Sarojini Nagar Sarojini Nagar 04/05/2026 DBAD/PUB 200.00 181.43 SAR EN-131469. 1 200.00 English Books

© Delhi Public Library
Hit Counter
free hit counter